000 00640nam a2200181Ia 4500
008 100917s9999 xx 000 0 und d
082 _b38805
100 _aवाळिंबे मो. मा.
245 _aमहा मानव - नामदार गोखले
260 _bअरगडे, कुलकर्णी प्रकाशन
_c1978
300 _a19
365 _b1
520 _aबालविभाग
630 _aमहा मानव - नामदार गोखले
650 _aबालविभाग
730 _aमहा मानव - नामदार गोखले
942 _cBOOK
999 _c644199
_d644196